Výrobní pomůcky a zařízení : /
Uložené v:
| Hlavný autor: | |
|---|---|
| Médium: | Kniha |
| Jazyk: | Czech |
| Vydané: |
Praha :
Státní nakladatelství technické literatury,
1967.
|
| Vydanie: | 1. vyd. |
| Edícia: | Knižnice strojírenské výroby
sv. 130 |
| ISBN: |
(brož.) |
| Fyzický popis: |
189, [1] s. ;. |
| Tagy: |
Pridať tag
Žiadne tagy, Buďte prvý kto otaguje tento záznam!
|
Titul je dostupný aj v ... 

MARC
| LEADER | 00000nam a22000001 4500 | ||
|---|---|---|---|
| 001 | 000174635 | ||
| 005 | 20090927220733.0 | ||
| 008 | 970731s1967 xr cze d | ||
| 020 | |a (brož.) | ||
| 040 | |a SVKKK |b slo |c SVKKK |e AACR2 | ||
| 041 | 0 | |a cze | |
| 044 | |a xr |c CZ | ||
| 100 | 1 | |a Erazim, Karel |4 aut | |
| 245 | 1 | 0 | |a Výrobní pomůcky a zařízení : / |c Karel Erazim. |
| 250 | |a 1. vyd. | ||
| 260 | |a Praha : |b Státní nakladatelství technické literatury, |c 1967. | ||
| 300 | |a 189, [1] s. ;. | ||
| 366 | |e 4500 výt. | ||
| 490 | 1 | |a Knižnice strojírenské výroby |v sv. 130 | |
| 830 | 0 | |a Knižnice strojírenské výroby |v sv. 130 | |
| 910 | |a svkkk | ||
| 998 | |a BK | ||
| 090 | |g SCKHL |k Sklad Hlavná 10 suterén |a I.32312 |j 389289 |i 2720624576 |s Absenčne | ||